Zdroje financovania bytovej výstavby v SR bakalárska práca

Gespeichert in:
Bibliographische Detailangaben
1. Verfasser: Baleková, Anna
Körperschaft: Národohospodárska fakulta EU. Katedra hospodárskej politiky
Weitere Verfasser: Vidová, Jarmila, 1967-
Format: Buch
Sprache:Slowakisch
Veröffentlicht: Bratislava 2009
Tags: Tag hinzufügen
Keine Tags, Fügen Sie das erste Tag hinzu!

MARC

LEADER 00000nam$a2200000$$$4500
001 0099028
005 20240319123932.5
041 0 |a slo 
044 |a SK 
245 1 0 |a Zdroje financovania bytovej výstavby v SR  |b bakalárska práca  |c Anna Baleková ; škol. Jarmila Vidová 
264 1 |a Bratislava  |c 2009 
300 |a 40 s. 
100 1 |a Baleková, Anna 
700 1 |a Vidová, Jarmila, 1967- 
710 2 |a Národohospodárska fakulta EU. Katedra hospodárskej politiky